Vplyv zavedenia meny euro na finančné trhy

Charakteristika vplyvu zavedenia spoločnej európskej meny na finančné trhy s cieľom analyzovať vplyv etáp od prípravy až po jej zavedenie a taktiež možný vývoj v budúcnosti v súvislosti so vstupom viacerých krajín do eurozóny, ktoré prijali euro už pred nami, resp. majú záujem ho ešte len prijať. V...

Descripción completa

Guardado en:
Detalles Bibliográficos
Autor principal: Chorvatovič, Martin
Formato: Capítulo de libro
Lenguaje:eslovaco
Materias:
Etiquetas: Agregar Etiqueta
Sin Etiquetas, Sea el primero en etiquetar este registro!

MARC

LEADER 00000nla$a2200000$$$4500
001 0103531
005 20240502072127.6
041 0 |a slo 
044 |a SK 
245 1 0 |a Vplyv zavedenia meny euro na finančné trhy  |c Martin Chorvatovič 
520 |a Charakteristika vplyvu zavedenia spoločnej európskej meny na finančné trhy s cieľom analyzovať vplyv etáp od prípravy až po jej zavedenie a taktiež možný vývoj v budúcnosti v súvislosti so vstupom viacerých krajín do eurozóny, ktoré prijali euro už pred nami, resp. majú záujem ho ešte len prijať. V práci sú použité vybrané kvantitatívne metódy hodnotenia výsledkov prostredníctvom grafov, tabuliek a taktiež výsledky konzultácií s odborníkmi z Ekonomickej univerzity. 
610 2 0 |a trh finančný medzinárodný 
610 2 0 |a trh finančný 
610 2 0 |a integrácia 
610 2 0 |a euro 
610 2 0 |a eurozóna 
610 2 0 |a portfólio 
610 2 0 |a akcionári 
610 2 0 |a investori 
100 1 |a Chorvatovič, Martin